| 000 | 01020nam a22003257a 4500 | ||
|---|---|---|---|
| 001 | BR7701620 | ||
| 003 | BR-BrBNA | ||
| 005 | 20230928085225.0 | ||
| 007 | ta | ||
| 008 | 230509b bl.||||| |||| 00| 0 por d | ||
| 040 |
_aBR-BrBNA _bpor _cBiblioteca Nacional de Agricultura |
||
| 041 | _a(Por) | ||
| 072 |
_aF25 _b/G514 |
||
| 090 | _ F25 BR7701620 | ||
| 100 | 1 | _aAquino, B.F. de | |
| 110 | 1 |
_aEscola Superior de Agricultura Luiz de Queiroz, Piracicaba, SP (Brasil) _0Tese (Mestrado) |
|
| 245 | 1 | _aDecomposicao de residuos organicos em solos argilosos medida pelo teor de carbono e relacao C/N [Brasil] | |
| 260 | 3 |
_aPiracicaba, SP (Brasil): _c1976. |
|
| 300 | _a67 p. | ||
| 500 | _a9 illus.; Numerical data; 38 ref.; Summaries (Eng, Por); Microficha | ||
| 650 | _aMateria organica | ||
| 650 | _aMicrorganismo | ||
| 650 | _aDecomposicao | ||
| 650 | _aResiduo organico | ||
| 650 | _aCarbono | ||
| 650 | _aNitrogenio | ||
| 650 | _aSolo argiloso | ||
| 909 |
_a202309 _bLucia _c55 _dLucia Elande |
||
| 942 | _cBK | ||
| 999 |
_c23366 _d23366 |
||